000 00292nam a22001217a 4500
008 180917b xxu||||| |||| 00| 0 eng d
041 _aeng
080 _256 ed
_a541
100 _a12
101 _aKIM
245 _aHANdbook Of Chemistry And Physics
_cWeast.R.C
942 _2udc
_cBK
999 _c47859
_d47859